Musical Acts with a Number in Their Name - Statistics

General Stats
  • This quiz has been taken 154 times
  • The average score is 8 of 20
Answer Stats
Year Song Band or Artist % Correct
2011 Moves like Jagger Maroon 5
88%
2003 In da Club 50 Cent
76%
1989 Love Shack The B-52's
66%
2000 Beautiful Day U2
61%
1983 Red Red Wine UB40
61%
2011 What Makes You Beautiful One Direction
60%
2000 All the Small Things Blink-182
56%
2014 Counting Stars OneRepublic
52%
1969 I Want You Back The Jackson 5
45%
2015 Stressed Out Twenty One Pilots
45%
1993 What's Up? 4 Non Blondes
35%
2000 Kryptonite 3 Doors Down
33%
1975 I'm Not in Love 10cc
30%
1994 Closer Nine Inch Nails
27%
1967 Mama Told Me Not to Come Three Dog Night
26%
2018 Youngblood 5 Seconds of Summer
24%
2001 In Too Deep Sum 41
23%
2001 Fight Music D12
9%
2014 Wrong Side of Heaven Five Finger Death Punch
9%
2013 Up in the Air Thirty Seconds to Mars
7%
No matching quizzes found
Score Distribution
Percent of People with Each Score
Percentile by Number Answered
Your Score History
You have not taken this quiz